Асимптотически точные неравенства для характеристик надежности восстанавливаемых систем

Λεπτομέρειες βιβλιογραφικής εγγραφής
Κύριος συγγραφέας: Сахобов О. Олимжон
Συγγραφή απο Οργανισμό/Αρχή: Наманганский государственный педагогический институт
Γλώσσα:Ρωσικά
Έκδοση: Ташкент, Фан, 1988
Θέματα:
Μορφή: Βιβλίο
KOHA link:https://koha.lib.tpu.ru/cgi-bin/koha/opac-detail.pl?biblionumber=250057

MARC

LEADER 00000nam0a2200000 4500
001 250057
005 20231101232529.0
010 |a 5648000111 
035 |a (RuTPU)RU\TPU\book\272199 
090 |a 250057 
100 |a 20140211d1988 k y0rusy50 ca 
101 0 |a rus 
102 |a UZ 
105 |a a z 001zy 
200 1 |a Асимптотически точные неравенства для характеристик надежности восстанавливаемых систем  |f О. Сахобов  |g Наманганский государственный педагогический институт 
210 |a Ташкент  |c Фан  |d 1988 
215 |a 80 с.  |c ил. 
320 |a Библиогр.: с. 74-81. 
606 1 |a Надежность, теория  |x Статистические методы  |2 stltpush  |3 (RuTPU)RU\TPU\subj\44769  |9 64049 
610 1 |a расчет 
610 1 |a регенерирующие процессы 
610 1 |a распределения 
610 1 |a марковский процесс 
610 1 |a задачи 
610 1 |a дисциплинарные отношения 
610 1 |a асимптотические оценки 
675 |a 519.87  |v 3 
700 1 |a Сахобов  |b О.  |g Олимжон 
712 0 2 |a Наманганский государственный педагогический институт  |c (1955-1992)  |2 stltpush  |3 (RuTPU)RU\TPU\col\17533  |9 26681 
801 1 |a RU  |b 63413507  |c 20140211 
801 2 |a RU  |b 63413507  |c 20140212  |g RCR 
942 |c BK